[Event "Winnipeg Yanofsky Memorial U1800"]
[Site "Winnipeg"]
[Date "2012.07.28"]
[Round "3"]
[White "Green, Jim"]
[Black "Afolabi, Damola"]
[Result "1-0"]
[WhiteElo "1769"]
[BlackElo "1516"]
[PlyCount "99"]
[EventDate "2012.07.27"]
[EventType "swiss"]
[EventRounds "5"]
[EventCountry "CAN"]
[SourceTitle "EXT 2022"]
[Source "ChessBase"]
[SourceDate "2021.10.06"]
[SourceVersion "1"]
[SourceVersionDate "2021.10.06"]
[SourceQuality "1"]

1. e4 e5 2. Nf3 d6 3. Bc4 Be7 4. h3 Nd7 5. Nc3 Ngf6 6. 0-0 c6 7. d3 b5 8. Bb3 a5 9. a3 a4 10. Ba2 Ba6 11. Be3 c5 12. Nd2 0-0 13. f4 exf4 14. Bxf4 b4 15. axb4 cxb4 16. Nxa4 Bb7 17. Bb3 d5 18. e5 Ne8 19. d4 Nc7 20. Qf3 Ra7 21. c3 Qa8 22. Qd1 Ne6 23. Be3 Ba6 24. Re1 Qc6 25. cxb4 Bh4 26. Rc1 Qb7 27. Nf3 Bxe1 28. Qxe1 Nb6 29. Nc5 Nxc5 30. dxc5 Nc4 31. c6 Qc7 32. Bxc4 Bxc4 33. Bxa7 Qxa7+ 34. Qf2 Qc7 35. Qc5 Rb8 36. Qd6 Qb6+ 37. Qc5 Qc7 38. Ra1 Bb5 39. Qxd5 Bxc6 40. Qc5 Qc8 41. Nd4 Bd7 42. Qxc8+ Rxc8 43. b5 Rb8 44. Nc6 Bxc6 45. bxc6 h6 46. c7 Rc8 47. Ra7 Kf8 48. b4 Ke7 49. b5 Kd7 50. b6 1-0

[Event "Winnipeg Shpan Memorial"]
[Site "Winnipeg"]
[Date "2011.11.15"]
[Round "3"]
[White "Afolabi, Damola"]
[Black "Wolchock, Theo"]
[Result "0-1"]
[WhiteElo "1545"]
[BlackElo "1669"]
[PlyCount "116"]
[EventDate "2011.11.01"]
[EventType "swiss"]
[EventRounds "6"]
[EventCountry "CAN"]
[SourceTitle "EXT 2022"]
[Source "ChessBase"]
[SourceDate "2021.10.06"]
[SourceVersion "1"]
[SourceVersionDate "2021.10.06"]
[SourceQuality "1"]

1. g3 c5 2. Bg2 Nc6 3. b3 Nf6 4. Bb2 g6 5. Nf3 Bg7 6. 0-0 0-0 7. d3 d6 8. Nbd2 Bd7 9. a3 Qc8 10. Re1 Bh3 11. Bh1 e6 12. Ra2 b5 13. Qa1 Qd8 14. Ng5 Rc8 15. Nxh3 e5 16. Ng5 Nd4 17. Bxd4 cxd4 18. Nge4 d5 19. Nxf6+ Bxf6 20. Nf3 Bg7 21. Qb1 f5 22. b4 e4 23. Nd2 Qe8 24. Nb3 f4 25. Nc5 Qf7 26. dxe4 fxg3 27. Bf3 gxh2+ 28. Kxh2 Qf4+ 29. Kg2 Be5 30. Rh1 Qg5+ 31. Kf1 Rf7 32. Ne6 Qf6 33. exd5 Rc3 34. Qe1 Rxf3 35. exf3 Qxf3 36. Rg1 Qxd5 37. Ng5 Rf4 38. c4 Qxc4+ 39. Re2 d3 40. Rd2 Bc3 41. Qe6+ Qxe6 42. Nxe6 Bxd2 43. Nxf4 Bxf4 44. Kg2 d2 45. Rb1 Kf7 46. Kf3 g5 47. Ke2 Ke6 48. Rb3 h5 49. Rd3 h4 50. Rd8 h3 51. Rh8 h2 52. f3 Kd5 53. Kf2 Kc4 54. Ke2 Kb3 55. Rh7 Kxa3 56. Rxa7+ Kxb4 57. Rh7 Kb3 58. Rh3 Kc2 0-1

[Event "Winnipeg TNT March op"]
[Site "Winnipeg"]
[Date "2011.03.22"]
[Round "4"]
[White "Afolabi, Damola"]
[Black "Trueman, Francis"]
[Result "1-0"]
[WhiteElo "1484"]
[BlackElo "1504"]
[PlyCount "102"]
[EventDate "2011.03.01"]
[EventType "swiss"]
[EventRounds "5"]
[EventCountry "CAN"]
[SourceTitle "EXT 2022"]
[Source "ChessBase"]
[SourceDate "2021.10.06"]
[SourceVersion "1"]
[SourceVersionDate "2021.10.06"]
[SourceQuality "1"]

1. e4 d6 2. Nf3 Nf6 3. Bb5+ c6 4. Bd3 g6 5. e5 dxe5 6. Nxe5 Qd5 7. Nf3 e5 8. Nc3 Qd6 9. 0-0 Bg7 10. Nxe5 Be6 11. Re1 0-0 12. Nf3 Nbd7 13. Ne4 Qc7 14. Neg5 Bg4 15. h3 Bxf3 16. Nxf3 Qb6 17. c3 Rad8 18. b4 Nh5 19. a4 Ndf6 20. Qc2 Nd5 21. Rb1 Qc7 22. Ba3 b6 23. Bc4 Nhf4 24. Bxd5 Rxd5 25. b5 c5 26. d4 Rf5 27. dxc5 Nxh3+ 28. gxh3 Rxf3 29. Re3 Rxe3 30. fxe3 Qg3+ 31. Kf1 Qxh3+ 32. Ke2 Rd8 33. Rf1 Bh6 34. Rf3 Qg4 35. c6 Re8 36. Qd3 Rxe3+ 37. Qxe3 Bxe3 38. Kxe3 Qe6+ 39. Kd4 h5 40. Re3 Qf6+ 41. Kd3 Qf5+ 42. Kd2 Qd5+ 43. Kc1 Qd8 44. Re7 Qd5 45. c7 Qc4 46. Re8+ Kg7 47. c8Q Qf1+ 48. Kb2 Qf2+ 49. Kb3 Kh6 50. Bc1+ g5 51. Rh8+ Kg6 1-0

[Event "Winnipeg Shpan Memorial"]
[Site "Winnipeg"]
[Date "2010.11.30"]
[Round "5"]
[White "Afolabi, Damola"]
[Black "Czarny, Keith"]
[Result "0-1"]
[WhiteElo "1322"]
[BlackElo "1621"]
[PlyCount "130"]
[EventDate "2010.11.02"]
[EventType "swiss"]
[EventRounds "6"]
[EventCountry "CAN"]
[SourceTitle "EXT 2022"]
[Source "ChessBase"]
[SourceDate "2021.10.06"]
[SourceVersion "1"]
[SourceVersionDate "2021.10.06"]
[SourceQuality "1"]

1. g3 f5 2. Bg2 Nf6 3. e3 e5 4. b3 Be7 5. Bb2 d6 6. d3 0-0 7. Nd2 c6 8. Qe2 Na6 9. a3 f4 10. Ngf3 Nc5 11. 0-0 Bg4 12. Qe1 e4 13. dxe4 Nfxe4 14. exf4 Nxd2 15. Qxd2 Ne4 16. Qc1 d5 17. Nd2 Nd6 18. Re1 Bf6 19. Be5 Re8 20. Qb2 Nb5 21. a4 Nc7 22. f3 Bd7 23. Re2 Ne6 24. Rae1 Qb6+ 25. Kh1 Nd4 26. Re3 Bf5 27. Bxf6 Rxe3 28. Rxe3 gxf6 29. Re1 Nxc2 30. Rc1 Nd4 31. Nf1 Kf7 32. Ne3 Bd7 33. a5 Qb4 34. Nc2 Nxc2 35. Qxc2 Kg7 36. Qc3 Qxc3 37. Rxc3 Re8 38. h4 Re1+ 39. Kh2 Ra1 40. Re3 Kf7 41. g4 Rb1 42. f5 d4 43. Rd3 c5 44. f4 Rb2 45. Kg3 Bb5 46. Bd5+ Kg7 47. Bc4 Bc6 48. g5 Be4 49. Rd1 Bxf5 50. Re1 Kf8 51. gxf6 b5 52. axb6 axb6 53. f7 Bd7 54. f5 b5 55. Be6 Bc6 56. Rg1 Re2 57. Kf4 Re4+ 58. Kg5 Re2 59. Kf6 Rg2 60. Rc1 Rg3 61. Rxc5 Rc3 62. Bc4 bxc4 63. bxc4 Bb7 64. Rb5 Bc8 65. c5 d3 0-1